Análisis estratigráfico del área de Telsen, provincia de Chubut, Patagonia /

Guardado en:
Otros Autores: Navarro, Edgardo Luis. (Disertante), Astini, Ricardo Alfredo. (Orientador)
Formato: Manuscrito
Idioma:Spanish
Publicado: 2012.
Materias:
Acceso en línea:Resumen, abstract y bibliografía
Etiquetas: Agregar Etiqueta
Sin Etiquetas, Sea el primero en etiquetar este registro!
LEADER 01288ntm a22002895a 4500
001 EUN.eunm004490
005 20160413090434.0
008 130225s2012####ag#######bm###000#0#spa#d
082 0 4 |a 040  |2 15 
082 0 4 |a 558.27  |2 15 
082 0 4 |a 551.7  |2 15 
100 1 |a Navarro, Edgardo Luis.  |4 dis 
245 1 0 |a Análisis estratigráfico del área de Telsen, provincia de Chubut, Patagonia /  |c Edgardo Luis Navarro ; director Ricardo Astini. 
260 |c 2012. 
300 |a [11], 268 h. :  |b il., mapas col. ;  |c 30 cm. 
500 |a "Tesis Doctor en Geología". 
502 |a Tesis (doctoral)--Universidad Nacional del Sur. Departamento de Geología, 2012. 
504 |a Incluye referencias bibliográficas. 
530 |a Disponible también el resumen, abstract y bibliografía en formato digital. 
650 7 |a Geología.  |2 unbist 
650 7 |a Estratigrafía.  |2 unbist 
651 0 |a Chubut (Argentina) 
700 1 |a Astini, Ricardo Alfredo.  |4 ths 
710 2 |a Universidad Nacional del Sur.  |b Departamento de Geología  |4 dgg. 
856 4 1 |3 Resumen, abstract y bibliografía  |u http://repositoriodigital.uns.edu.ar/handle/123456789/2310 
859 |a AR-BaUNS  |b BIB. CENTRAL - Tesis  |h 040  |i B148 2012-1192  |k R  |p 123373/013 
859 |a AR-BaUNS  |b BIB. CENTRAL - Sector A - Tesis  |h 040  |i B148 2012-1192  |p 123374/013